Vista normal
Vista MARC
Entrada Topical Term
Número de registros utilizados en: 1
001 - CONTROL NUMBER
- control field: 36449
003 - CONTROL NUMBER IDENTIFIER
- control field: OSt
005 - DATE AND TIME OF LATEST TRANSACTION
- control field: 20210323142123.0
008 - FIXED-LENGTH DATA ELEMENTS
- fixed length control field: 210323|| aca||aabn | a|a d
040 ## - CATALOGING SOURCE
- Original cataloging agency: OSt
- Transcribing agency: OSt
150 ## - HEADING--TOPICAL TERM
- Topical term or geographic name entry element: Ganadería
- Geographic subdivision: Arauca (Colombia)
670 ## - SOURCE DATA FOUND
- Source citation: Work cat.: (OSt): Uribe Hurtado, Cristina, autora 36165, Caño limón : , 2011.